Dirección de empresas : bases en un entorno abierto y dinámico /

Guardado en:
Autor Principal: Cabanelas Omil, José
Formato: Libro
Idioma:Spanish
Publicado: Madrid : Pirámide, 1997.
Materias:
Etiquetas: Agregar Etiqueta
Sin Etiquetas, Sea el primero en etiquetar este registro!
LEADER 00921nam a22002655a 4500
001 EAD.ead001070
008 980624s1997####sp#a#####b/###001#0#spa##
005 20191015151403.0
245 1 0 |a Dirección de empresas :  |b bases en un entorno abierto y dinámico /  |c José Cabanelas Omil. 
260 |a Madrid :  |b Pirámide,  |c 1997. 
300 |a 554 p. :  |b il. ;  |c 24 cm. 
504 |a Incluye referencias bibliográficas e índice. 
020 |a 8436811259 
100 1 0 |a Cabanelas Omil, José 
080 |a 658.012.4 
082 0 4 |a 658  |2 21 
650 7 |a Administración de empresas.  |2 unbist 
650 7 |a Planificación empresarial.  |2 isoc 
650 7 |a Estructura de la empresa.  |2 isoc 
650 7 |a Cultura empresarial.  |2 isoc 
650 7 |a Control de la gestión.  |2 isoc 
650 7 |a Estudios de casos.  |2 unbist 
019 |a M 36834-1997 
040 |a M-BN  |b spa  |c M-BN 
859 |a AR-BaBDC  |b BIB. ADMINISTRACION - Libros  |h 658  |i C111  |p b04407